Capital Cities ending in an S - Statistics

General Stats
  • This quiz has been taken 118 times
  • The average score is 9 of 13
Answer Stats
Answer % Correct
Paris
83%
Brussels
82%
Buenos Aires
79%
Athens
72%
Caracas
72%
Vilnius
72%
Tunis
71%
Algiers
69%
Saint John's
64%
Saint George's
61%
Damascus
55%
Castries
51%
Port Louis
51%
No matching quizzes found
Score Distribution
Percent of People with Each Score
Percentile by Number Answered
Your Score History
You have not taken this quiz